000 00416nmm a2200145Ia 4500
008 251105s9999||||xx |||||||||||||||||und||
041 _aspa
100 _aGonzález, Javier
245 0 _aEl viaje de los cuerpos celestes
264 _a[Madrid, España] :
_bEdiciones B,
_c2016
300 _a432 páginas
650 _aHistorical fiction
856 _uhttps://public.digitaliapublishing.com/a/53682
942 _cCF
999 _c106199
_d106199